कई चाँद थे सरे-आसमां/ (Record no. 67597)

MARC details
000 -LEADER
fixed length control field 00811nam a22001697a 4500
005 - DATE AND TIME OF LATEST TRANSACTION
control field 20120606154047.0
020 ## - INTERNATIONAL STANDARD BOOK NUMBER
International Standard Book Number 9780143099772
Terms of availability 475.00
037 ## - SOURCE OF ACQUISITION
Source of stock number/acquisition पेंगुइन बुक्स
082 ## - DEWEY DECIMAL CLASSIFICATION NUMBER
Classification number
100 ## - MAIN ENTRY--PERSONAL NAME
Personal name फारूकी, शम्सुर्रहमान
245 ## - TITLE STATEMENT
Title कई चाँद थे सरे-आसमां/
Statement of responsibility, etc शम्सुर्रहमान फारूकी,नरेश "नदीम" द्वारा अनुदित
260 ## - PUBLICATION, DISTRIBUTION, ETC. (IMPRINT)
Place of publication, distribution, etc नई दिल्ली
Name of publisher, distributor, etc पेंगुइन बुक्स
Date of publication, distribution, etc 2010
270 ## - ADDRESS
Address 11, कम्युनिटी सेंटर, पंचशील पार्क
Postal code 110017
300 ## - PHYSICAL DESCRIPTION
Extent 748 पृ.
Dimensions 22 सें.मी.(सजिल्द)
942 ## - ADDED ENTRY ELEMENTS (KOHA)
Source of classification or shelving scheme Dewey Decimal Classification
Item type Hindi Books
Classification part
Call number suffix फारूकी

No items available.


© Delhi Public Library
Hit Counter
free hit counter